Southville International School and Colleges
Your cart is empty.
  • Cart
  • Lists
    Public lists Eva Luna New books Lux_list list_1
    Your lists Log in to create your own lists
  • Log in to your account
  • Your cookies
  • Search history
Southville International School and Colleges
  • Advanced search
  • Recent comments
  • Most popular
  • Libraries

Log in to your account

Log in with GOOGLE


If you do not have an external account, but do have a local account, you can still log in:

  1. Home
  2. MARC view: Hottest, coldest, highest, deepest /
Normal view MARC view ISBD view

Hottest, coldest, highest, deepest / (Record no. 34102)

[ view plain ]
MARC details
000 -LEADER
fixed length control field 00752nam a22002417a 4500
003 - CONTROL NUMBER IDENTIFIER
control field OSt
005 - DATE AND TIME OF LATEST TRANSACTION
control field 20140310184411.0
008 - FIXED-LENGTH DATA ELEMENTS--GENERAL INFORMATION
fixed length control field 121113t xxu||||| |||| 00| 0 eng d
020 ## - INTERNATIONAL STANDARD BOOK NUMBER
International Standard Book Number 043978509X
050 ## - LIBRARY OF CONGRESS CALL NUMBER
Classification number G 133
Item number .J46 1998
100 ## - MAIN ENTRY--PERSONAL NAME
Personal name Jenkins,Steve
9 (RLIN) 26116
245 ## - TITLE STATEMENT
Title Hottest, coldest, highest, deepest /
Statement of responsibility, etc by Steve Jenkins.
260 ## - PUBLICATION, DISTRIBUTION, ETC. (IMPRINT)
Place of publication, distribution, etc New York
Name of publisher, distributor, etc Scholastic Inc.,
Date of publication, distribution, etc 1998.
300 ## - PHYSICAL DESCRIPTION
Other physical details col. ill. ;
Dimensions 21 cm.
Extent 30 p. :
520 ## - SUMMARY, ETC.
Summary, etc Describes some of the remarkable places on earth, including the hottest, coldest, windiest, snowiest, highest, and deepest.
521 ## - TARGET AUDIENCE NOTE
Target audience note
526 ## - STUDY PROGRAM INFORMATION NOTE
Reading level 920
562 ## - COPY AND VERSION IDENTIFICATION NOTE
Number of copies 2
650 ## - SUBJECT ADDED ENTRY--TOPICAL TERM
Topical term or geographic name as entry element Geography
General subdivision Juvenile literature.
9 (RLIN) 26119
942 ## - ADDED ENTRY ELEMENTS (KOHA)
Source of classification or shelving scheme Library of Congress Classification
Koha item type
Holdings
Withdrawn status Lost status Source of classification or shelving scheme Damaged status Home library Current library Shelving location Date acquired Total Checkouts Full call number Barcode Date last seen Copy number Price effective from Koha item type
    Library of Congress Classification   Luxembourg Library Luxembourg Library Scholastic Reading Center Section 10/08/2013   G 133 .J46 1998 LEX0323 04/18/2017 1 10/08/2013 Books
    Library of Congress Classification   Luxembourg Library Luxembourg Library Scholastic Reading Center Section 10/17/2013   G 133 .J46 1998 SCHO0253 04/18/2017 2 10/17/2013 Books

Hottest, coldest, highest, deepest /

APA

Jenkins S., . (1998). Hottest, coldest, highest, deepest. New York: Scholastic Inc.

Chicago

Jenkins Steve, . 1998. Hottest, coldest, highest, deepest. New York: Scholastic Inc.

Harvard

Jenkins S., . (1998). Hottest, coldest, highest, deepest. New York: Scholastic Inc.

MLA

Jenkins Steve, . Hottest, coldest, highest, deepest. New York: Scholastic Inc. 1998.

  • Place hold
  • Print
  • Cite
  • Add to your cart (remove)
  • Save record
    BIBTEX Dublin Core MARCXML MARC (non-Unicode/MARC-8) MARC (Unicode/UTF-8) MARC (Unicode/UTF-8, Standard) MODS (XML) RIS
  • More searches
    Search for this title in:
    Other Libraries (WorldCat) Other Databases (Google Scholar) Online Stores (Bookfinder.com) Open Library (openlibrary.org)

Exporting to Dublin Core...

SOUTHVILLE LIBRARY

Southville International School and Colleges Library

1281 Tropical Ave. Cor. Luxembourg St., BF Homes International, Las Pinas City

Tel. No. 8256374 / 252358 Loc. 117/146

Powered by Koha